Educational psychology and educational technology / (Record no. 11156)

MARC details
000 -LEADER
fixed length control field 00589nam a22002057a 4500
005 - DATE AND TIME OF LATEST TRANSACTION
control field 20210312115058.0
008 - FIXED-LENGTH DATA ELEMENTS--GENERAL INFORMATION
fixed length control field 210312b ||||| |||| 00| 0 eng d
020 ## - INTERNATIONAL STANDARD BOOK NUMBER
International Standard Book Number 9789385756368
040 ## - CATALOGING SOURCE
Original cataloging agency IN-DiNC
Transcribing agency IN-DiNC
041 ## - LANGUAGE CODE
Language code of sung or spoken text English
082 ## - DEWEY DECIMAL CLASSIFICATION NUMBER
Classification number 370.15
Item number PRA
100 ## - MAIN ENTRY--PERSONAL NAME
Personal name Pradhan, Sukanta Kumar
Relator term Author
245 ## - TITLE STATEMENT
Title Educational psychology and educational technology /
Statement of responsibility, etc. by Sukanta Kumar Pradhan
250 ## - EDITION STATEMENT
Edition statement 1st ed.
260 ## - PUBLICATION, DISTRIBUTION, ETC.
Place of publication, distribution, etc. Meerut:
Name of publisher, distributor, etc. Balaji publications,
Date of publication, distribution, etc. 2019
300 ## - PHYSICAL DESCRIPTION
Extent 256p.
650 ## - SUBJECT ADDED ENTRY--TOPICAL TERM
Topical term or geographic name entry element Educational psychology
650 ## - SUBJECT ADDED ENTRY--TOPICAL TERM
Topical term or geographic name entry element Educational technology
942 ## - ADDED ENTRY ELEMENTS (KOHA)
Source of classification or shelving scheme Dewey Decimal Classification
Koha item type Books
Holdings
Withdrawn status Lost status Source of classification or shelving scheme Damaged status Not for loan Collection code Home library Current library Shelving location Date acquired Cost, normal purchase price Total Checkouts Full call number Barcode Date last seen Copy number Price effective from Koha item type
    Dewey Decimal Classification     Education Central Library, Naharkatiya College Central Library, Naharkatiya College General Stacks 12/03/2021 895.00   370.15 PRA 28602 12/03/2021 1 12/03/2021 Books

Naharkatiya College © 2020. All rights reserved.

Powered By